Tempels of South India / (Record no. 124088)

MARC details
000 -LEADER
fixed length control field 00660nam a22002297a 4500
005 - DATE AND TIME OF LATEST TRANSACTION
control field 20170124105934.0
010 ## - LIBRARY OF CONGRESS CONTROL NUMBER
LC control number A-352678
020 ## - INTERNATIONAL STANDARD BOOK NUMBER
Terms of availability 20.50
035 ## - SYSTEM CONTROL NUMBER
System control number A-352678
037 ## - SOURCE OF ACQUISITION
Source of stock number/acquisition Cen Lib/Ret
040 ## - CATALOGING SOURCE
Original cataloging agency DPL
Language of cataloging EN
082 ## - DEWEY DECIMAL CLASSIFICATION NUMBER
Classification number 230.754
Item number SRI
100 ## - MAIN ENTRY--PERSONAL NAME
Personal name Srinivasan, K.R.
9 (RLIN) 9208
245 ## - TITLE STATEMENT
Title Tempels of South India /
Statement of responsibility, etc by K.R. Srinivasan
260 ## - PUBLICATION, DISTRIBUTION, ETC. (IMPRINT)
Place of publication, distribution, etc Delhi
Name of publisher, distributor, etc National Book Trust
Date of publication, distribution, etc 1985
270 ## - ADDRESS
Address A-5 Green Park
City New Delhi
Postal code 110016
300 ## - PHYSICAL DESCRIPTION
Extent 246p.
Dimensions 20cm(Hb)
500 ## - GENERAL NOTE
General note Includes index.
650 ## - SUBJECT ADDED ENTRY--TOPICAL TERM
Topical term or geographic name as entry element Hinduism -- South indian temples
9 (RLIN) 91128
650 ## - SUBJECT ADDED ENTRY--TOPICAL TERM
Topical term or geographic name as entry element Temples in India
9 (RLIN) 91129
942 ## - ADDED ENTRY ELEMENTS (KOHA)
Source of classification or shelving scheme Dewey Decimal Classification
Koha item type English Books
Classification part 230.754
Call number suffix SRI
Holdings
Withdrawn status Lost status Damaged status Not for loan Home library Current library Date acquired Source of acquisition Cost, normal purchase price Total Checkouts Full call number Barcode Date last seen Copy number Cost, replacement price Price effective from Koha item type
        Central Library Central Library 13/06/2015 Cen Lib/Ret 20.50   230.754 SRI A-352678 13/06/2015 1 20.50 13/06/2015 English Books

© Delhi Public Library
Hit Counter
free hit counter